000 00508nam a22001337a 4500
008 160416b xxu||||| |||| 00| 0 eng d
082 _22004
_aUT 0124
_bG42
100 _95790
_aGimeno, Rannie D.
245 _aPerceptions of Digos City employees on the implementation of the Magna Carta for disabled person (RA 7277)/
_cRannie D. Gimeno
260 _aDigos City:
_bUMDC
_cMarch 2004.
300 _a54 pages.
_c28 pages.
650 0 _95791
_aLiberal Arts
_vPolitical Science
_xUndergraduate thesis.
942 _2ddc
_cUT
999 _c1825
_d1825